Abelian groups /
Guardado en:
| Autor Principal: | |
|---|---|
| Formato: | Libro |
| Idioma: | English |
| Publicado: |
Budapest :
Publishing House of the Hungarian Academy of Sciences,
1958.
|
| Etiquetas: |
Agregar Etiqueta
Sin Etiquetas, Sea el primero en etiquetar este registro!
|
| LEADER | 00444nam a22001455a 4500 | ||
|---|---|---|---|
| 001 | MAT.inmabb000636 | ||
| 008 | 031118s1958####hu############001#0#eng#d | ||
| 005 | 20130412124033.0 | ||
| 245 | 1 | 0 | |a Abelian groups / |c by L. Fuchs. |
| 260 | |a Budapest : |b Publishing House of the Hungarian Academy of Sciences, |c 1958. | ||
| 300 | |a 367 p. ; |c cm. | ||
| 510 | 4 | |a MR, |c 21 #5672 | |
| 100 | 1 | |a Fuchs, László. | |
| 084 | |a 20 |2 msc2000 | ||
| 859 | |h 20 |i F951 |p A-434 |b BIB. MATEMATICA | ||
